Loading...

METHODS IN PLANT PHYSIOLOGY

Bibliographic Details
Main Author: LOOMIS,Walter.E, SHULL,Charles.A
Format: Printed Book
Published: NEW YORK McGRAW-HILL BOOK COMPANY 1937
Subjects:
LEADER 00529nam a2200205 4500
020
037
082 |a 571.2 LOO 
100 |a LOOMIS,Walter.E, SHULL,Charles.A. 
245 |a METHODS IN PLANT PHYSIOLOGY  |h English 
250
260 |a NEW YORK  |b McGRAW-HILL BOOK COMPANY  |c 1937 
300 |a 472  |f HB 
500
590
630
650 |a PLANT PHYSIOLOGY 
942 |c TB 
999 |c 165150  |d 165150 
952 |0 0  |1 0  |4 0  |6 571_200000000000000_LOO  |7 0  |9 178600  |a BOT  |b BOT  |l 0  |o 571.2 LOO  |p BOT195  |r 2019-10-25  |w 2019-10-25  |y TB